Meistbesuchte Länder von Joachim Gauck - Statistiken

Allgemein
  • Dieses Quiz wurde 64 mal gespielt
  • Das Durchschnittsergebnis liegt bei 9 aus 11
Antwortstatistiken
Anzahl der Besuche Land % Korrekt
5 Frankreich
100%
11 Polen
98%
6 Italien
97%
3 Österreich
97%
6 Niederlande
95%
4 Schweiz
95%
4 Belgien
93%
3 Tschechien
90%
4 Vereinigtes Königreich
90%
3 Israel
45%
4 Ukraine
43%
Keine übereinstimmenden Quizze gefunden
Verteilung der Resultate
Anzahl Personen mit jedem Resultat
Perzentil nach korrekt beantworteten Fragen
Ihre Resultats-Entwicklung
Sie haben dieses Quiz noch nicht gespielt